[Event "PRO League All Stars St1"]
[Site "chess.com INT"]
[Date "2018.09.08"]
[Round "6"]
[White "Melkumyan, Hrant"]
[Black "Smirnov, Anton"]
[Result "1/2-1/2"]
[WhiteTitle "GM"]
[BlackTitle "GM"]
[WhiteElo "2660"]
[BlackElo "2549"]
[WhiteTeam "Eastern"]
[BlackTeam "Pacific"]
[WhiteFideId "13302485"]
[BlackFideId "3208923"]
[EventDate "2018.09.08"]

1. d4 d5 2. c4 c6 3. Nf3 Nf6 4. Nc3 dxc4 5. a4 Bf5 6. e3 e6 7. Bxc4 Bb4 8. O-O
O-O 9. Qe2 Nbd7 10. Rd1 Qe7 11. e4 Bg6 12. e5 Nd5 13. Ne4 Rae8 14. Bg5 f6 15.
exf6 gxf6 16. Bh6 Rf7 17. Ng3 Bd6 18. Re1 Bb4 19. Bd2 Bxd2 20. Nxd2 Kh8 21. Qf3
Qb4 22. Nde4 f5 23. Bxd5 fxe4 24. Qb3 Qxd4 25. Bxe4 Qxf2+ 26. Kh1 Ref8 27. Bxg6
hxg6 28. Qxe6 Qf6 29. Qxf6+ Nxf6 30. h3 Kg7 31. b4 Rd8 32. b5 cxb5 33. axb5 Rd5
34. Rab1 Nh5 35. Nxh5+ Rxh5 36. Re6 Rf6 37. Re7+ Rf7 38. Re3 Rc5 39. Kh2 Rff5
40. b6 a6 41. Rd1 Rf7 42. Rd6 Rcf5 43. Red3 R5f6 44. h4 Rxd6 45. Rxd6 Rf6 46.
Rd7+ Rf7 47. Rc7 a5 48. Kh3 Kg8 49. Kg4 Kg7 50. Kg5 a4 51. g4 a3 52. Rc3 Rd7 53.
Rxa3 Rd5+ 54. Kf4 Rb5 55. Rd3 Rb4+ 56. Kg5 Rb5+ 57. Kf4 Rxb6 58. Rd7+ Kf6 59.
g5+ Ke6 60. Rg7 Rb4+ 61. Kg3 Rb3+ 62. Kg4 Rb4+ 63. Kg3 Rb3+ 64. Kg4 Rb4+ 65. Kf3
Kf5 66. Rf7+ Ke5 67. Rf6 Rxh4 68. Rxg6 Kf5 69. Rb6 Kxg5 70. Rxb7 Rf4+ 1/2-1/2

[Event "PRO League All Stars St1"]
[Site "chess.com INT"]
[Date "2018.09.08"]
[Round "6"]
[White "Vachier-Lagrave, Maxime"]
[Black "Shimanov, Aleksandr"]
[Result "1-0"]
[WhiteTitle "GM"]
[BlackTitle "GM"]
[WhiteElo "2780"]
[BlackElo "2626"]
[WhiteTeam "Central"]
[BlackTeam "Atlantic"]
[WhiteFideId "623539"]
[BlackFideId "4198603"]
[EventDate "2018.09.08"]

1. e4 c6 2. Nf3 d5 3. Nc3 dxe4 4. Nxe4 Nf6 5. Qe2 Bg4 6. h3 Bh5 7. Nxf6+ gxf6 8.
g3 e6 9. Bg2 Na6 10. d3 Bd6 11. O-O Nc7 12. c4 Qd7 13. b3 Rg8 14. Bb2 Qe7 15. d4
Ba3 16. Bxa3 Qxa3 17. d5 cxd5 18. cxd5 Nxd5 19. Qb5+ Kf8 20. Qxb7 Kg7 21. Nd4
Qd6 22. Nxe6+ Qxe6 23. Rfe1 Qb6 24. Qxd5 Bg6 25. Qxa8 Rxa8 26. Bxa8 Bf5 27. Bg2
Be6 28. Re4 Qa5 29. Ra4 Qc5 30. Re1 Bd7 31. Rc4 Qa5 32. Rd1 Be6 33. Ra4 Qc5 34.
Rad4 Qa5 35. R1d2 Qc3 36. Kh2 Qc5 37. Rf4 Qa5 38. Rc2 Qe5 39. h4 Qa5 40. Re2 Qb5
41. Ree4 Qc5 42. Ra4 Bd7 43. Rac4 Qa5 44. Rc2 Be6 45. Bf1 Qe1 46. Bc4 Qd1 47.
Rc3 Qd2 48. Rcf3 Qxa2 49. Bxe6 fxe6 50. Rxf6 Qxb3 51. Rxb3 1-0

[Event "PRO League All Stars St1"]
[Site "chess.com INT"]
[Date "2018.09.08"]
[Round "7"]
[White "Smirnov, Anton"]
[Black "Gupta, Abhijeet"]
[Result "1/2-1/2"]
[WhiteTitle "GM"]
[BlackTitle "GM"]
[WhiteElo "2549"]
[BlackElo "2588"]
[WhiteTeam "Pacific"]
[BlackTeam "Eastern"]
[WhiteFideId "3208923"]
[BlackFideId "5010608"]
[EventDate "2018.09.08"]

1. e4 c5 2. Nf3 d6 3. d4 cxd4 4. Nxd4 Nf6 5. Nc3 Nc6 6. Bg5 e6 7. Qd2 a6 8.
O-O-O Bd7 9. f4 b5 10. Bxf6 gxf6 11. Kb1 Qb6 12. Nce2 Rc8 13. h4 h5 14. Rh3 Na5
15. b3 Nc6 16. Rc3 Rg8 17. g3 Be7 18. Bg2 Nxd4 19. Nxd4 Rxc3 20. Qxc3 Qc5 21.
Qd3 Kf8 22. Ne2 Kg7 23. Bf3 Rc8 24. g4 b4 25. Nd4 e5 26. Nf5+ Bxf5 27. exf5 hxg4
28. Bxg4 a5 29. Bf3 Qc3 30. Qe2 a4 31. Rd3 Qc5 32. Bd5 exf4 33. Qg2+ Kf8 34. Rd1
f3 35. Bxf3 d5 36. Rg1 Bd6 37. Bxd5 Ke7 38. Bc4 Be5 39. Rd1 axb3 40. cxb3 Qe3
41. Qb7+ Rc7 42. Qxb4+ Rc5 43. Qd2 Qe4+ 44. Qd3 Rxc4 45. bxc4 Qb7+ 46. Qb3 Qe4+
47. Rd3 Qe1+ 48. Qd1 Qb4+ 49. Rb3 Qxc4 50. h5 Qe4+ 51. Rd3 Qb4+ 52. Qb3 Qe1+ 53.
Kc2 Qe2+ 54. Rd2 Qe4+ 55. Qd3 Qa4+ 56. Kc1 Qc6+ 57. Kd1 Qh1+ 58. Kc2 Qc6+ 59.
Kb3 Qb6+ 60. Ka4 Qa7+ 61. Kb5 Qb7+ 62. Kc4 Qc6+ 63. Kb3 Qb6+ 64. Kc2 Qc6+ 65.
Kb1 Qh1+ 66. Rd1 Qb7+ 67. Kc2 Qc6+ 68. Kb1 Qb7+ 69. Qb3 Qe4+ 70. Rd3 Qe1+ 71.
Qd1 Qb4+ 72. Rb3 Qe4+ 73. Kc1 Bf4+ 74. Kb2 Be5+ 75. Kc1 Bf4+ 76. Kb2 Be5+ 77.
Ka3 Qa8+ 78. Kb4 Qb7+ 79. Kc4 Qc6+ 80. Kd3 Qd5+ 81. Kc2 Qc4+ 82. Kb1 Qe4+ 1/2-1/2

[Event "PRO League All Stars St1"]
[Site "chess.com INT"]
[Date "2018.09.08"]
[Round "7"]
[White "Vidit, Santosh Gujrathi"]
[Black "Xiong, Jeffery"]
[Result "1-0"]
[WhiteTitle "GM"]
[BlackTitle "GM"]
[WhiteElo "2711"]
[BlackElo "2651"]
[WhiteTeam "Eastern"]
[BlackTeam "Pacific"]
[WhiteFideId "5029465"]
[BlackFideId "2047640"]
[EventDate "2018.09.08"]

1. Nf3 d5 2. d4 Nf6 3. c4 dxc4 4. e3 e6 5. Bxc4 a6 6. O-O c5 7. b3 b5 8. Be2
Nbd7 9. Bb2 Bb7 10. Nbd2 cxd4 11. Nxd4 Bd6 12. a4 bxa4 13. Nc4 Be7 14. Rxa4 Nc5
15. Ra2 O-O 16. Na5 Qb6 17. Nxb7 Nxb7 18. Bf3 Rfc8 19. Qe2 Ra7 20. Rfa1 Nc5 21.
b4 Nce4 22. b5 a5 23. Nc6 Rd7 24. Bxe4 Nxe4 25. Qg4 Bf8 26. Qxe4 Qxb5 27. Nd4
Qb8 28. g3 Rb7 29. Ba3 1-0

[Event "PRO League All Stars St1"]
[Site "chess.com INT"]
[Date "2018.09.08"]
[Round "7"]
[White "Dreev, Aleksey"]
[Black "Andriasian, Zaven"]
[Result "0-1"]
[WhiteTitle "GM"]
[BlackTitle "GM"]
[WhiteElo "2649"]
[BlackElo "2603"]
[WhiteTeam "Pacific"]
[BlackTeam "Eastern"]
[WhiteFideId "4100107"]
[BlackFideId "13302000"]
[EventDate "2018.09.08"]

1. d4 Nf6 2. Nf3 g6 3. g3 Bg7 4. Bg2 O-O 5. O-O d6 6. b3 a5 7. c4 a4 8. b4 c6 9.
Na3 Bf5 10. Bb2 Be4 11. Bh3 Bxf3 12. exf3 d5 13. c5 Na6 14. Bc3 e6 15. Re1 Nc7
16. Bf1 Nd7 17. Rb1 b5 18. Nc2 h5 19. h4 Ne8 20. Bd3 Nef6 21. Bd2 Re8 22. f4 Ng4
23. Be2 Nh6 24. Bd3 Nf6 25. Qf3 Nfg4 26. Bc3 Kh7 27. Re2 Nf5 28. Rbe1 Re7 29. a3
Qh8 30. Bxf5 gxf5 31. Qd3 Kg8 32. Rd1 Rae8 33. Ne3 Bf6 34. Nxg4 hxg4 35. Kg2 Qh5
36. Rh1 Kg7 37. Bd2 Kg6 38. Be3 Qh8 39. Qd1 Kh5 40. Rd2 Bg7 41. Re2 Qh7 42. Rhe1
Qg6 43. Rh1 f6 44. Rhe1 e5 45. fxe5 fxe5 46. Bg5 e4 47. Bf4 Re6 48. Qd2 Bf6 49.
Qe3 Qg7 50. Rd2 Rh8 51. Rh1 Kg6 52. Rdd1 Kf7 53. Qd2 Rh5 54. Qe3 Ke8 55. Rd2 Kd7
56. Rdd1 Qh8 57. Kf1 Bg7 58. Ke2 Re8 59. Rd2 Rf8 60. Kd1 Rf7 61. Kc2 Ke6 62. Kc3
Bh6 63. Re2 Kd7 64. Ree1 Re7 65. Re2 Re6 66. Ree1 Qd8 67. Re2 Bxf4 68. Qxf4 Qc7
69. Qxc7+ Kxc7 70. Kd2 f4 71. gxf4 Reh6 72. Re3 Rxh4 73. Rg1 Rf6 74. Reg3 Rxf4
75. Ke3 Rf3+ 76. Rxf3 gxf3 77. Rg7+ Kd8 78. Rg8+ Ke7 79. Rg7+ Ke6 80. Rg6+ Kd7 0-1

[Event "PRO League All Stars St1"]
[Site "chess.com INT"]
[Date "2018.09.08"]
[Round "7"]
[White "Shimanov, Aleksandr"]
[Black "Meier, Georg"]
[Result "0-1"]
[WhiteTitle "GM"]
[BlackTitle "GM"]
[WhiteElo "2626"]
[BlackElo "2639"]
[WhiteTeam "Atlantic"]
[BlackTeam "Central"]
[WhiteFideId "4198603"]
[BlackFideId "4675789"]
[EventDate "2018.09.08"]

1. c4 b6 2. d4 e6 3. a3 Nf6 4. Nc3 Bb7 5. Bf4 d5 6. e3 Be7 7. Nf3 O-O 8. Rc1 c5
9. cxd5 Nxd5 10. Nxd5 Bxd5 11. dxc5 bxc5 12. Bd3 Nd7 13. O-O Qb6 14. Qc2 h6 15.
Nd2 Bf6 16. e4 Bc6 17. Nc4 Qb7 18. b4 Bb5 19. Nd6 Bxd3 20. Qxd3 Qc6 21. bxc5
Rfb8 22. Be3 a5 23. Rb1 Nxc5 24. Bxc5 Qxc5 25. Nb7 Qe7 26. Nxa5 Rxb1 27. Rxb1
Rxa5 28. e5 Bxe5 0-1

[Event "PRO League All Stars St1"]
[Site "chess.com INT"]
[Date "2018.09.08"]
[Round "7"]
[White "Lenderman, Aleksandr"]
[Black "Lenic, Luka"]
[Result "1-0"]
[WhiteTitle "GM"]
[BlackTitle "GM"]
[WhiteElo "2630"]
[BlackElo "2656"]
[WhiteTeam "Atlantic"]
[BlackTeam "Central"]
[WhiteFideId "2021285"]
[BlackFideId "14603853"]
[EventDate "2018.09.08"]

1. d4 Nf6 2. c4 e6 3. g3 d5 4. Nd2 Be7 5. Bg2 O-O 6. Ngf3 b6 7. cxd5 exd5 8. O-O
Bb7 9. b3 c5 10. Bb2 Nbd7 11. Ne5 Re8 12. Ndf3 Ne4 13. Rc1 Nxe5 14. Nxe5 Bd6 15.
Nf3 Rc8 16. dxc5 bxc5 17. Qd3 d4 18. Nd2 Nxd2 19. Qxd2 Bxg2 20. Kxg2 Qe7 21.
Rfe1 Qb7+ 22. Kg1 h5 23. e3 Red8 24. exd4 Bf8 25. Qf4 cxd4 26. Bxd4 Rxc1 27.
Rxc1 Qa6 28. Rc7 Qe6 29. Rxa7 h4 30. Qxh4 Re8 31. Be3 Rc8 32. Qd4 Qf5 33. Qf4
Qe6 34. Qf3 Rc2 35. Ra8 f6 36. Kg2 Rc6 37. b4 g5 38. b5 Rc4 39. h3 g4 40. hxg4 1-0

[Event "PRO League All Stars St1"]
[Site "chess.com INT"]
[Date "2018.09.08"]
[Round "8"]
[White "Gupta, Abhijeet"]
[Black "Lenderman, Aleksandr"]
[Result "1-0"]
[WhiteTitle "GM"]
[BlackTitle "GM"]
[WhiteElo "2588"]
[BlackElo "2630"]
[WhiteTeam "Eastern"]
[BlackTeam "Atlantic"]
[WhiteFideId "5010608"]
[BlackFideId "2021285"]
[EventDate "2018.09.08"]

1. d4 e6 2. c4 d5 3. Nc3 a6 4. cxd5 exd5 5. Nf3 Nf6 6. Qb3 Be7 7. Bg5 c6 8. e3
Nbd7 9. Bd3 Nf8 10. O-O Ne6 11. Bh4 O-O 12. Na4 b5 13. Nc3 Bb7 14. a4 b4 15.
Bxf6 gxf6 16. Ne2 a5 17. Qc2 h6 18. Ng3 Re8 19. Rac1 Rc8 20. Nh4 c5 21. dxc5
Nxc5 22. Bf5 Rc7 23. Qe2 Bf8 24. Bb1 f5 25. Nhxf5 Kh8 26. Qg4 Qf6 27. Nh5 Qxb2
28. Nd4 Bc8 29. Qf4 Ne6 30. Qf6+ Kg8 31. Qf5 Ng5 32. Nf6+ Kh8 33. Rxc7 Bxf5 34.
Bxf5 Rd8 35. h4 Bd6 36. Rb7 Kg7 37. hxg5 hxg5 38. Nh5+ Kh6 39. g4 Rf8 40. Rb6
Rd8 41. Bd3 Qc3 42. Be2 Qc5 43. Rc6 Qa7 44. Nf5+ Kh7 45. Nxd6 Qd7 46. Rfc1 Qe6
47. Nf5 Qe5 48. Rh6+ Kg8 49. Nf6+ Kf8 50. Rh8# 1-0

[Event "PRO League All Stars St1"]
[Site "chess.com INT"]
[Date "2018.09.08"]
[Round "8"]
[White "Le, Quang Liem"]
[Black "Melkumyan, Hrant"]
[Result "1-0"]
[WhiteTitle "GM"]
[BlackTitle "GM"]
[WhiteElo "2715"]
[BlackElo "2660"]
[WhiteTeam "Atlantic"]
[BlackTeam "Eastern"]
[WhiteFideId "12401137"]
[BlackFideId "13302485"]
[EventDate "2018.09.08"]

1. Nf3 d5 2. g3 Nf6 3. Bg2 g6 4. c4 c6 5. b3 Bg7 6. Bb2 O-O 7. O-O Bg4 8. d4
Nbd7 9. Nc3 Qa5 10. Rc1 Bxf3 11. Bxf3 e6 12. e3 Rfc8 13. Qe2 a6 14. Rfd1 b5 15.
e4 bxc4 16. bxc4 Rab8 17. e5 Ne8 18. c5 Nc7 19. Rb1 Rb4 20. a3 Rb3 21. Qc2 Rcb8
22. Be2 Nxe5 23. dxe5 Bxe5 24. Na4 Bxb2 25. Nxb2 Qxa3 26. Nd3 Rxb1 27. Rxb1
Rxb1+ 28. Qxb1 Nb5 29. Qb2 Qc3 30. Kf1 a5 31. Qxc3 Nxc3 32. Ke1 f6 33. Kd2 Ne4+
34. Kc2 Kf8 35. f3 Ng5 36. Kb3 e5 37. Ka4 Ke7 38. Kxa5 Ne6 39. Kb6 Nd4 40. Bd1
e4 41. fxe4 dxe4 42. Nb4 Ke6 43. Nxc6 Nf5 44. Bg4 Kd5 45. Bxf5 gxf5 46. Nb4+ Kc4
47. Nc2 Kd3 48. c6 Kxc2 49. c7 e3 50. c8=Q+ Kd2 51. Qd7+ Ke1 52. Qxf5 e2 53.
Qxf6 Kd2 54. Qd4+ 1-0

[Event "PRO League All Stars St1"]
[Site "chess.com INT"]
[Date "2018.09.08"]
[Round "8"]
[White "Meier, Georg"]
[Black "Dreev, Aleksey"]
[Result "1-0"]
[WhiteTitle "GM"]
[BlackTitle "GM"]
[WhiteElo "2639"]
[BlackElo "2649"]
[WhiteTeam "Central"]
[BlackTeam "Pacific"]
[WhiteFideId "4675789"]
[BlackFideId "4100107"]
[EventDate "2018.09.08"]

1. Nf3 d5 2. g3 c6 3. Bg2 Bg4 4. h3 Bh5 5. c4 e6 6. O-O Nf6 7. d3 Nbd7 8. cxd5
cxd5 9. Qb3 Nc5 10. Qb5+ Qd7 11. Nc3 a6 12. Qxd7+ Ncxd7 13. Bf4 Be7 14. Rac1 O-O
15. Rc2 h6 16. Rfc1 g5 17. Be3 Bg6 18. h4 Ng4 19. Bd2 gxh4 20. Nxh4 Bxh4 21.
gxh4 h5 22. f3 Nge5 23. Bf4 Nc6 24. Kf2 Kh7 25. Na4 Rfe8 26. Bh3 Rad8 27. Rc3
Re7 28. Bc7 Rc8 29. Bd6 Ree8 30. Rb3 Na5 31. Rbc3 Nc6 32. a3 Bf5 33. Bxf5+ exf5
34. Nc5 Nxc5 35. Rxc5 Re6 36. Bf4 Rce8 37. e3 Rd8 38. Rg1 Rg6 39. Rg5 Rxg5 40.
Bxg5 Rd7 41. Bf4 Kg6 42. Ke2 f6 43. d4 Kf7 44. Kd3 Ke6 45. Ke2 Rg7 46. Kf2 Rd7
47. Ke2 Rg7 48. Kf2 Rd7 49. Rc1 Kf7 50. Rc5 Ke6 51. Rc2 Rg7 52. Rc1 Rd7 53. Rg1
Kf7 54. Bh6 1-0

[Event "PRO League All Stars St1"]
[Site "chess.com INT"]
[Date "2018.09.08"]
[Round "8"]
[White "Andriasian, Zaven"]
[Black "Shimanov, Aleksandr"]
[Result "0-1"]
[WhiteTitle "GM"]
[BlackTitle "GM"]
[WhiteElo "2603"]
[BlackElo "2626"]
[WhiteTeam "Eastern"]
[BlackTeam "Atlantic"]
[WhiteFideId "13302000"]
[BlackFideId "4198603"]
[EventDate "2018.09.08"]

1. e4 c6 2. Nc3 d5 3. Nf3 Bg4 4. h3 Bxf3 5. Qxf3 Nf6 6. d3 e6 7. g3 Bb4 8. Bd2
d4 9. Nb1 Qb6 10. Bg2 O-O 11. O-O a5 12. Bc1 a4 13. a3 Be7 14. Nd2 Nbd7 15. Qe2
Qc7 16. f4 b5 17. g4 Rac8 18. g5 Ne8 19. Nf3 c5 20. f5 Bd6 21. h4 Ne5 22. Bh3
exf5 23. exf5 f6 24. g6 h6 25. Bg2 Qd7 26. Nd2 Bb8 27. Ne4 Nd6 28. Qh5 Nxe4 29.
Bxe4 c4 30. Rf2 cxd3 31. cxd3 Rc5 32. Bd2 Rc2 33. Raf1 Rfc8 34. Bb4 Rxf2 35.
Rxf2 Rc1+ 36. Kg2 Qc7 37. Bd5+ Kh8 38. Qe2 Qd7 39. Be4 Qc7 40. Bd5 Qd7 41. Be4
Nc4 42. dxc4 Qc7 43. Kh3 Qg3# 0-1

[Event "PRO League All Stars St1"]
[Site "chess.com INT"]
[Date "2018.09.08"]
[Round "8"]
[White "Lenic, Luka"]
[Black "Smirnov, Anton"]
[Result "1/2-1/2"]
[WhiteTitle "GM"]
[BlackTitle "GM"]
[WhiteElo "2656"]
[BlackElo "2549"]
[WhiteTeam "Central"]
[BlackTeam "Pacific"]
[WhiteFideId "14603853"]
[BlackFideId "3208923"]
[EventDate "2018.09.08"]

1. d4 d5 2. Nf3 Nf6 3. c4 c6 4. Nc3 dxc4 5. a4 Bf5 6. e3 e6 7. Bxc4 Bb4 8. O-O
O-O 9. Qe2 Nbd7 10. e4 Bg6 11. Bd3 Bh5 12. e5 Nd5 13. Nxd5 cxd5 14. Qe3 Re8 15.
Ng5 Bg6 16. Bxg6 fxg6 17. Bd2 Bxd2 18. Qxd2 Rc8 19. Rfc1 Qe7 20. Nh3 Nf8 21. Nf4
h6 22. Nd3 b6 23. Rxc8 Rxc8 24. Rc1 Qd7 25. b3 g5 26. g3 Ng6 27. Rxc8+ Qxc8 28.
Qc1 Qxc1+ 29. Nxc1 Ne7 30. Ne2 g4 31. Kg2 Kf7 32. h3 1/2-1/2

[Event "PRO League All Stars St1"]
[Site "chess.com INT"]
[Date "2018.09.08"]
[Round "8"]
[White "Iturrizaga Bonelli, Eduardo"]
[Black "Vidit, Santosh Gujrathi"]
[Result "0-1"]
[WhiteTitle "GM"]
[BlackTitle "GM"]
[WhiteElo "2636"]
[BlackElo "2711"]
[WhiteTeam "Atlantic"]
[BlackTeam "Eastern"]
[WhiteFideId "3901211"]
[BlackFideId "5029465"]
[EventDate "2018.09.08"]

1. Nf3 c5 2. c4 Nf6 3. g3 Nc6 4. Bg2 d5 5. cxd5 Nxd5 6. O-O e5 7. Nc3 Nc7 8. d3
Be7 9. b3 O-O 10. Bb2 Be6 11. Rc1 f6 12. e3 Qd7 13. Qe2 Rfd8 14. Rfd1 Rac8 15.
Ne4 Na6 16. Rd2 Kh8 17. Rcd1 Bg4 18. Qf1 f5 19. Nc3 Bf6 20. h3 Bh5 21. Rc1 Qe8
22. Ne1 Nc7 23. Na4 b6 24. Kh2 Ne6 25. Nc3 e4 26. g4 fxg4 27. Nxe4 Bxb2 28. Rxb2
Ne5 29. Rd2 Qg6 30. Ng3 Rf8 31. d4 cxd4 32. Rxc8 Rxc8 33. exd4 gxh3 34. dxe5
hxg2 35. Nxg2 Qh6 36. Qd3 Bg6+ 0-1

[Event "PRO League All Stars St1"]
[Site "chess.com INT"]
[Date "2018.09.08"]
[Round "8"]
[White "Xiong, Jeffery"]
[Black "Vachier-Lagrave, Maxime"]
[Result "1-0"]
[WhiteTitle "GM"]
[BlackTitle "GM"]
[WhiteElo "2651"]
[BlackElo "2780"]
[WhiteTeam "Pacific"]
[BlackTeam "Central"]
[WhiteFideId "2047640"]
[BlackFideId "623539"]
[EventDate "2018.09.08"]

1. d4 Nf6 2. Nf3 g6 3. Nbd2 Bg7 4. e4 d6 5. Bd3 O-O 6. O-O Nc6 7. c3 e5 8. dxe5
Nxe5 9. Nxe5 dxe5 10. Nc4 Qe7 11. Qe2 Rd8 12. Rd1 Bg4 13. f3 Be6 14. Be3 Ne8 15.
Na5 c6 16. b4 Nd6 17. Nc4 Nxc4 18. Bxc4 b6 19. a4 Bf6 20. a5 Rxd1+ 21. Rxd1 b5
22. Ba2 Bxa2 23. Qxa2 a6 24. Bb6 Rb8 25. Qd2 Qe8 26. Qd7 Kf8 27. Bc5+ Kg7 28.
Bb6 Kf8 29. Qxe8+ Kxe8 30. Rd6 Be7 31. Rxc6 Ra8 32. Kf2 Kd7 33. Rc7+ Ke6 34. Bc5
Bd8 35. Rb7 Rc8 36. Ke3 Rc6 37. Kd3 Bxa5 38. bxa5 Rxc5 39. Rb6+ Ke7 40. Rxa6 1-0

[Event "PRO League All Stars St1"]
[Site "chess.com INT"]
[Date "2018.09.08"]
[Round "9"]
[White "Lenderman, Aleksandr"]
[Black "Dreev, Aleksey"]
[Result "1-0"]
[WhiteTitle "GM"]
[BlackTitle "GM"]
[WhiteElo "2630"]
[BlackElo "2649"]
[WhiteTeam "Atlantic"]
[BlackTeam "Pacific"]
[WhiteFideId "2021285"]
[BlackFideId "4100107"]
[EventDate "2018.09.08"]

1. d4 d5 2. c4 c6 3. Nf3 Nf6 4. Nc3 e6 5. g3 dxc4 6. Bg2 Nbd7 7. O-O Bb4 8. a4
O-O 9. Qc2 Qe7 10. Rd1 a5 11. Na2 Bd6 12. Qxc4 e5 13. Nc3 h6 14. Nh4 Bb4 15. Ng6
Qe8 16. Nxf8 Qxf8 17. dxe5 Nxe5 18. Qd4 Neg4 19. Qd8 Be6 20. Qxf8+ Kxf8 21. Bf4
Bb3 22. Rd2 g5 23. Bd6+ Bxd6 24. Rxd6 Ke7 25. Rd4 Ne5 26. Ne4 Nxe4 27. Rxe4 Kf6
28. Re3 Bc4 29. Rd1 Be6 30. b3 g4 31. f4 gxf3 32. exf3 h5 33. f4 Ng6 34. Rc3 Ne7
35. Kf2 Nd5 36. Bxd5 Bxd5 37. Re1 Rg8 38. Re5 h4 39. Rh5 hxg3+ 40. hxg3 Re8 41.
Re3 Rd8 42. g4 Be6 43. Kg3 Rd1 44. Rh6+ Kg7 45. Rh2 Rb1 46. f5 Bxb3 47. g5 Bd5
48. Kf4 Rf1+ 49. Ke5 Rg1 50. Reh3 Rxg5 51. Rh7+ Kf8 52. Kf6 Rg8 53. Rh8 Bc4 54.
Rd2 Bd5 55. Rxg8+ Kxg8 56. Re2 Kf8 57. Re7 b5 58. axb5 1-0

[Event "PRO League All Stars St1"]
[Site "chess.com INT"]
[Date "2018.09.08"]
[Round "9"]
[White "Gupta, Abhijeet"]
[Black "Meier, Georg"]
[Result "1/2-1/2"]
[WhiteTitle "GM"]
[BlackTitle "GM"]
[WhiteElo "2588"]
[BlackElo "2639"]
[WhiteTeam "Eastern"]
[BlackTeam "Central"]
[WhiteFideId "5010608"]
[BlackFideId "4675789"]
[EventDate "2018.09.08"]

1. d4 Nf6 2. c4 e6 3. Nf3 d5 4. Nc3 Be7 5. Bg5 h6 6. Bh4 O-O 7. e3 b6 8. Qb3 Bb7
9. Bxf6 Bxf6 10. cxd5 exd5 11. Be2 c6 12. O-O Nd7 13. Rad1 Re8 14. Bd3 Nf8 15.
e4 g6 16. e5 Bg7 17. Rfe1 Ne6 18. Bb1 Qe7 19. Qc2 c5 20. dxc5 d4 21. Ne4 Nxc5
22. Qd2 d3 23. Nd6 Red8 24. b4 Bxf3 25. gxf3 Ne6 26. Qe3 Qh4 27. Bxd3 h5 28. Bf1
Bh6 29. f4 Bxf4 30. Qh3 Qg5+ 31. Qg2 a5 32. Bc4 Qxg2+ 33. Kxg2 Kg7 34. Kf3 Bg5
35. b5 Be7 36. Bd5 Ra7 37. Bxe6 fxe6 38. Nc4 Rxd1 39. Rxd1 Bc5 40. Ke4 Rf7 41.
f4 Kh6 42. h4 Kg7 43. Nd6 Ra7 44. a4 Kf8 45. Nc4 Rc7 46. Nd6 Ke7 47. Rd2 Bg1 48.
Rg2 Bc5 49. Rxg6 Bxd6 50. exd6+ Kxd6 51. f5 Rc4+ 52. Kd3 Rxa4 53. Rxe6+ Kd5 54.
Rxb6 Rxh4 55. f6 Rf4 56. Ke3 Rf5 57. Ra6 h4 58. b6 Kc6 59. f7 Rxf7 60. Rxa5 Rh7
61. Ra7 Rb7 62. Rxb7 Kxb7 63. Kf3 Kxb6 64. Kg2 Kb5 65. Kh3 Kb4 66. Kxh4 1/2-1/2

[Event "PRO League All Stars St1"]
[Site "chess.com INT"]
[Date "2018.09.08"]
[Round "9"]
[White "Vachier-Lagrave, Maxime"]
[Black "Melkumyan, Hrant"]
[Result "0-1"]
[WhiteTitle "GM"]
[BlackTitle "GM"]
[WhiteElo "2780"]
[BlackElo "2660"]
[WhiteTeam "Central"]
[BlackTeam "Eastern"]
[WhiteFideId "623539"]
[BlackFideId "13302485"]
[EventDate "2018.09.08"]

1. e4 e5 2. Nf3 Nc6 3. Bb5 a6 4. Ba4 Nf6 5. O-O Bc5 6. c3 O-O 7. d4 Ba7 8. dxe5
Nxe4 9. Qd5 Nc5 10. Bc2 Ne7 11. Qd1 d5 12. exd6 Qxd6 13. Qxd6 cxd6 14. Rd1 Bf5
15. Na3 Ne4 16. Nd4 Bg6 17. Re1 Rfe8 18. Rxe4 Bxe4 19. Bxe4 Nc6 20. Bd3 Bxd4 21.
cxd4 Re1+ 22. Bf1 Nxd4 23. f3 Ne2+ 24. Kf2 Rxc1 25. Rxc1 Nxc1 0-1

[Event "PRO League All Stars St1"]
[Site "chess.com INT"]
[Date "2018.09.08"]
[Round "9"]
[White "Andriasian, Zaven"]
[Black "Lenic, Luka"]
[Result "0-1"]
[WhiteTitle "GM"]
[BlackTitle "GM"]
[WhiteElo "2603"]
[BlackElo "2656"]
[WhiteTeam "Eastern"]
[BlackTeam "Central"]
[WhiteFideId "13302000"]
[BlackFideId "14603853"]
[EventDate "2018.09.08"]

1. e4 c5 2. Nf3 Nc6 3. Bb5 e6 4. O-O Nge7 5. c3 a6 6. Ba4 b5 7. Bc2 c4 8. b3 Ng6
9. Na3 Na5 10. d4 cxd3 11. Bxd3 Qc7 12. c4 b4 13. Nc2 Nc6 14. Bb2 Bd6 15. Re1
Bb7 16. Ne3 O-O 17. g3 Bc5 18. h4 Nge5 19. Nxe5 Nxe5 20. Qe2 Rae8 21. Rad1 f5
22. Bxe5 Qxe5 23. f4 Qc7 24. Kh2 e5 25. Nxf5 exf4 26. Qg4 fxg3+ 27. Kh3 Qe5 28.
Rf1 Bf2 29. Rd2 d6 30. Rdxf2 gxf2 31. Rxf2 Kh8 32. h5 Bc8 33. Rf3 Bxf5 34. exf5
Qf6 35. Rg3 Re5 36. Kh2 a5 37. Kh3 Rfe8 38. Qf4 Re1 39. Kg2 Qb2+ 40. Kh3 Rh1+
41. Kg4 Qf6 42. Kf3 Qc3 43. Kg4 Qf6 44. Kf3 Rhe1 45. Kg4 R1e5 46. Kh3 Re1 47.
Kg4 Rd1 48. Kh3 Rh1+ 49. Kg4 Rh4+ 50. Kf3 Rxf4+ 0-1

[Event "PRO League All Stars St1"]
[Site "chess.com INT"]
[Date "2018.09.08"]
[Round "9"]
[White "Shimanov, Aleksandr"]
[Black "Smirnov, Anton"]
[Result "0-1"]
[WhiteTitle "GM"]
[BlackTitle "GM"]
[WhiteElo "2626"]
[BlackElo "2549"]
[WhiteTeam "Atlantic"]
[BlackTeam "Pacific"]
[WhiteFideId "4198603"]
[BlackFideId "3208923"]
[EventDate "2018.09.08"]

1. c4 e5 2. e3 Nf6 3. Nc3 Nc6 4. Nf3 Bb4 5. Qc2 O-O 6. Nd5 Nxd5 7. cxd5 Ne7 8.
Qe4 Bd6 9. Nxe5 Re8 10. Nf3 c6 11. dxc6 dxc6 12. Qc2 Bg4 13. Be2 Nd5 14. O-O Qf6
15. d4 Bf5 16. Bd3 Nb4 17. Bxf5 Nxc2 18. Bxc2 c5 19. Bd2 cxd4 20. Nxd4 Rac8 21.
Bc3 Be5 22. Bb3 a6 23. Rad1 h6 24. g3 Red8 25. Rd2 Rc7 26. f4 Bxd4 27. Bxd4 Qe7
28. Rfd1 Rcd7 29. Kf2 Kh8 30. Re1 Qe4 31. Bc2 Qe6 32. Bb3 Qh3 33. Kg1 f6 34.
Red1 Qf5 35. Kf2 b5 36. Bc2 Qh3 37. Kg1 a5 38. Be4 Qe6 39. Bb1 b4 40. b3 Rc8 41.
Kf2 Qh3 42. Kg1 Qh5 43. Kg2 Re8 44. Bd3 Rxd4 45. exd4 Qd5+ 46. Kg1 Qxd4+ 47. Kg2
Qd5+ 48. Kg1 Rd8 49. Kf2 Qd4+ 50. Kg2 Qd5+ 51. Kf2 Qc5+ 52. Kg2 Qc6+ 53. Kf2
Qb6+ 54. Kg2 Qb7+ 55. Kf2 Qa7+ 56. Kg2 Qa8+ 57. Kf2 a4 58. bxa4 Qxa4 59. Bc4
Qxd1 60. Rxd1 Rxd1 61. h4 g5 62. hxg5 hxg5 63. Kf3 Kg7 64. Bb3 Rd3+ 65. Kg4 gxf4
66. gxf4 Kf8 67. Kf5 Ke7 68. Bc4 Rd6 69. Bb3 Kd7 70. Bc4 Ke7 71. Bb3 Rd2 72. Bc4
Rc2 73. Bb3 Rc3 74. Bg8 Rc5+ 75. Kg6 Ra5 76. Bb3 Rb5 77. Bc4 Rc5 78. Bb3 Rc3 79.
Kf5 Rf3 80. Bd5 Rf2 81. Bb3 Kd6 82. Bg8 Kc5 83. Kxf6 Rxf4+ 84. Ke5 Rf8 85. Bb3
Re8+ 86. Kf5 Kd4 87. Kf4 Re2 88. Kf3 Rb2 89. Bg8 Rh2 90. Be6 Kc3 91. Bb3 Kb2 92.
Ke3 Ka3 93. Kd3 Rxa2 0-1